Logo BPK

Biblioteka

Politechniki Koszalińskiej

Ogólne zasady projektowania urządzeń do odprowadzania i oczyszczania ścieków rzemieślniczo-przemysłowych : (Rekord nr 35007)

Szczegóły MARC
000 -ETYKIETA REKORDU
podpole kontrolne o stałej długości 00918nam a2200241 i 4500
001 - NUMER KONTROLNY REKORDU
pole kontrolne bg
020 ## - MIĘDZYNARODOWY ZNORMALIZOWANY NUMER KSIĄŻKI - ISBN
ISBN 3933693004
040 ## - ŹRÓDŁO KATALOGOWANIA
Instytucja, która utworzyła rekord BPK
041 1# - KOD JĘZYKA
Kod języka tekstu pl
Kod języka oryginału de
080 ## - UNIWERSALNA KLASYFIKACJA DZIESIĘTNA - UKD
UKD 628.3(430)(083.74)
920 ## - Międzynarodowy znormalizowany numer książki – ISBN
ISBN 3-933693-00-4
008 - POLE O STAŁEJ DŁUGOŚCI - DANE KONTROLNE
podpole kontrolne o stałej długości s pl f |000 0 pol
245 00 - TYTUŁ/ODPOWIEDZIALNOŚĆ
Tytuł Ogólne zasady projektowania urządzeń do odprowadzania i oczyszczania ścieków rzemieślniczo-przemysłowych :
Ciąg dalszy tytułu wytyczna ATV - A 102P : listopad 1990 /
Pozostałe elementy strefy tytułu i oznaczenia odpowiedzialności [oprac. ; przekł. Magdalena Seidel-Przywecki, Wojciech Przywecki]
Oznaczenie części/sekcji dzieła H. Neumann et al.
260 ## - STREFA ADRESU WYDAWNICZEGO
Miejsce wydania Warszawa :
Nazwa wydawcy/dystrybutora "Seidel Przywecki",
Data publikacji, dystrybucji/powstania dokumentu 1990.
300 ## - STREFA OPISU FIZYCZNEGO
Objętość 15 s. ;
Rozmiary 30 cm.
490 1# - STREFA SERII I DOKUMENTU WIELOCZĘŚCIOWEGO - FORMA NIE DO WYSZUKIWANIA
Tytuł i oznaczenie odpowiedzialności serii Niemiecki zbiór reguł ATV. Ścieki-Odpady
500 ## - UWAGI OGÓLNE
Tekst uwagi Verso kart nie zadruk.
650 #9 - HASŁO PRZEDMIOTOWE W FORMIE NAZWY OGÓLNEJ LUB JEDNOSTKOWEJ
Nazwa ogólna lub geograficzna Ścieki
Określnik ogólny technologia
-- urządzenia
-- projektowanie
650 #9 - HASŁO PRZEDMIOTOWE W FORMIE NAZWY OGÓLNEJ LUB JEDNOSTKOWEJ
Nazwa ogólna lub geograficzna Ścieki
Określnik ogólny gospodarka
Określnik geograficzny Niemcy
655 ## - TERMIN INDEKSOWY - OKREŚLENIE RODZAJU/FORMY DOKUMENTU
Określenie rodzaju/formy dokumentu Instrukcje
830 #0 - HASŁO DODATKOWE SERII LUB DOKUMENTU WIELOCZĘŚCIOWEGO - TYTUŁ UJEDNOLICONY
Tytuł ujednolicony Niemiecki zbiór reguł ATV.
Nazwa części/sekcji dzieła Ścieki-Odpady
856 ## - LOKALIZACJA I DOSTĘP DO ELEKTRONICZNYCH DOKUMENTÓW ZDALNYCH
Link (URL) http://koha.tu.koszalin.pl/cgi-bin/koha/opac-detail.pl?biblionumber=35007
Tekst linku Katalog online BPK
942 ## - DODATKOWE ELEMENTY (KOHA)
Typ dokumentu Katalog
Egzemplarze
Wycofany Status egzemplarza Uszkodzony Dostępność Lokalizacja stała Lokalizacja bieżąca Miejsce przechowywania Sygnatura Kod kreskowy Typ dokumentu
      Dostępny Biblioteka Politechniki Koszalińskiej Biblioteka Politechniki Koszalińskiej Wypożyczalnia BG KC 3155 01551396 Katalog
© 2023 Biblioteka Politechniki Koszalińskiej :: KOHA